Pierwsze 40 krajów według rankingu FIFA- drużyny żeńskie - Statystyki

Ogólne statystyki
  • Ten quiz został rozwiązany 661 razy
    80 od ostatniego zresetowania
  • Średni wynik to 28 z 40
Statystyki odpowiedzi
Pozycja Nazwa Kraju % Poprawnych
3 Hiszpania
95%
4 Niemcy
93%
1 Stany Zjednoczone
93%
8 Brazylia
92%
10 Francja
89%
33 Argentyna
88%
22 Portugalia
86%
6 Kanada
85%
5 Szwecja
85%
14 Włochy
85%
30 Meksyk
82%
15 Australia
80%
17 Austria
80%
18 Chiny
80%
12 Dania
80%
7 Japonia
80%
16 Norwegia
80%
27 Rosja
80%
11 Holandia
78%
35 Ukraina
77%
20 Belgia
76%
28 Czechy
76%
24 Irlandia
76%
25 Szwajcaria
76%
26 Finlandia
74%
2 Anglia
73%
19 Korea Południowa
70%
21 Kolumbia
65%
31 Nowa Zelandia
65%
38 Chile
62%
23 Szkocja
62%
34 Serbia
61%
13 Islandia
58%
36 Nigeria
58%
40 Słowenia
57%
29 Walia
51%
9 Korea Północna
42%
39 Filipiny
27%
37 Wietnam
23%
32 Polaksa
1%
Nie znaleziono quizów pasujących do podanych kryteriów
Rozkład punktacji
Procent ludzi z każdym wynikiem
Percentyl według liczby udzielonych odpowiedzi
Twoja historia wyników
Nie rozwiązałeś tego quizu od ostatniego zresetowania